Pays traversés par ces longs fleuves - Statistiques

Statistiques générales
  • Ce quiz a été pris 64 fois
    41 depuis la dernière actualisation
  • Le résultat moyen est 46 sur 82
Statistiques - réponses
Hint Réponse % Correct
Amazone Brésil
89%
Parana Brésil
89%
Nil Egypte
89%
Amour Chine
86%
Indus Chine
86%
Mékong Chine
86%
Ob Chine
86%
Congo RD Congo
86%
Nil RD Congo
86%
Amour Russie
86%
Dniepr Russie
86%
Ob Russie
86%
Gange Inde
83%
Indus Inde
83%
Danube Allemagne
81%
Sénégal Allemagne
81%
Danube Roumanie
81%
Danube Ukraine
81%
Dniepr Ukraine
81%
Parana Argentine
78%
Amazone Colombie
75%
Rhin France
72%
Danube Hongrie
72%
Nil Soudan
69%
Amazone Pérou
67%
Danube Autriche
64%
Sénégal Autriche
64%
Danube Bulgarie
64%
Mississippi Canada
64%
Mississippi Etats-Unis
64%
Amour Mongolie
64%
Mékong Mongolie
64%
Ob Mongolie
64%
Parana Paraguay
64%
Danube Slovaquie
64%
Gange Bangladesh
61%
Mékong Laos
61%
Nil Soudan-du-Sud
61%
Danube Serbie
58%
Mékong Thaïlande
58%
Mékong Vietnam
58%
Sénégal Sénégal
56%
Zambèze Zambie
56%
Mékong Cambodge
53%
Indus Pakistan
53%
Nil Ethiopie
50%
Tigre Irak
50%
Tigre Syrie
50%
Zambèze Zimbabwe
50%
Orange Afrique-du-Sud
47%
Tigre Turquie
47%
Danube Croatie
44%
Nil Kenya
44%
Danube Moldavie
44%
Orange Namibie
44%
Zambèze Namibie
44%
Sénégal Suisse
44%
Nil Tanzanie
44%
Zambèze Tanzanie
44%
Mékong Birmanie
42%
Zambèze Botswana
42%
Zambèze Mozambique
42%
Dniepr Biélorussie
39%
Syr-Daria Kazakhstan
39%
Nil Ouganda
39%
Nil Rwanda
39%
Congo Angola
33%
Zambèze Angola
33%
Nil Erythrée
31%
Orange Lesotho
31%
Sénégal Mali
31%
Nil Burundi
28%
Syr-Daria Kirghizistan
25%
Sénégal Liechtenstein
25%
Syr-Daria Ouzbékistan
25%
Zambèze Malawi
22%
Sénégal Pays-Bas
22%
Murray Australie
19%
Sénégal Mauritanie
17%
Sénégal Guinée
14%
Syr-Daria Tadjikistan
14%
Ob Kazahstan
3%
Aucun quiz correspondant
Distribution des résultats
% des personnes avec chaque résultat
Percentile par nombre de réponses
Votre historique - résultats
Vous n’avez pas pris ce quiz depuis la dernière actualisation